00201nam a2200073Ia 4500082001200000245002700012100004700039008004100086 aAF BERG 0aMasker van die liefde  a BERGH, Rene Pretoria, 2003 1ste druk 210817s9999 xx 000 0 und d